<?xml version="1.0" encoding="UTF-8"?>
<marc:record xmlns:marc="http://www.loc.gov/MARC21/slim">
   <marc:leader>00000nam a2200000 a 4500</marc:leader>
   <marc:datafield ind1="1" ind2=" " tag="100">
      <marc:subfield code="a">Vencser, László</marc:subfield>
      <marc:subfield code="4">edt</marc:subfield>
      <marc:subfield code="e">Bearbeiter/-in</marc:subfield>
   </marc:datafield>
   <marc:datafield ind1="1" ind2=" " tag="100">
      <marc:subfield code="a">Scharl, Franz</marc:subfield>
      <marc:subfield code="4">edt</marc:subfield>
      <marc:subfield code="e">Bearbeiter/-in</marc:subfield>
   </marc:datafield>
   <marc:datafield ind1=" " ind2=" " tag="653">
      <marc:subfield code="a">Geschichte</marc:subfield>
   </marc:datafield>
   <marc:datafield ind1=" " ind2=" " tag="653">
      <marc:subfield code="a">Fremdsprache</marc:subfield>
   </marc:datafield>
   <marc:datafield ind1=" " ind2=" " tag="653">
      <marc:subfield code="a">Ausländerseelsorge</marc:subfield>
   </marc:datafield>
   <marc:datafield ind1=" " ind2=" " tag="653">
      <marc:subfield code="a">Softcover / Religion/Theologie</marc:subfield>
   </marc:datafield>
   <marc:datafield ind1=" " ind2=" " tag="653">
      <marc:subfield code="a">Aufsatzsammlung</marc:subfield>
   </marc:datafield>
   <marc:datafield ind1="0" ind2="0" tag="245">
      <marc:subfield code="a">Einheit in Vielfalt</marc:subfield>
   </marc:datafield>
   <marc:datafield ind1="0" ind2="0" tag="245">
      <marc:subfield code="b">40 Jahre Nationaldirektion der Katholischen Fremdsprachigen Seelsorge in Österreich</marc:subfield>
   </marc:datafield>
   <marc:datafield ind1="0" ind2="0" tag="245">
      <marc:subfield code="c">László Vencser/Franz Scharl (Hg.)</marc:subfield>
   </marc:datafield>
   <marc:datafield ind1=" " ind2="1" tag="264">
      <marc:subfield code="a">Linz</marc:subfield>
      <marc:subfield code="b">Wagner</marc:subfield>
      <marc:subfield code="c">2015</marc:subfield>
   </marc:datafield>
   <marc:datafield ind1="1" ind2=" " tag="520">
      <marc:subfield code="a">Angaben aus der Verlagsmeldung

Einheit in Vielfalt : 40 Jahre Nationaldirektion der katholischen fremdsprachigen Seelsorge in Österreich

... jeder Mensch ist Kind Gottes! Ihm ist das Bild Christi eingeprägt! Es geht also darum, dass wir als Erste und dann mit unserer Hilfe auch die anderen im Migranten und im Flüchtling nicht nur ein Problem sehen, das bewältigt werden muss, sondern einen Bruder und eine Schwester, die aufgenommen, geachtet und geliebt werden müssen – eine Gelegenheit, welche die Vorsehung uns bietet, um zum Aufbau einer gerechteren Gesellschaft, einer vollkommeneren Demokratie, eines solidarischeren Landes, einer brüderlicheren Welt und einer offeneren christlichen Gemeinschaft entsprechend dem Evangelium beizutragen. Die Migrationen können Möglichkeiten zu neuer Evangelisierung entstehen lassen und Räume öffnen für das Wachsen einer neuen Menschheit, wie sie im Ostergeheimnis angekündigt ist: eine Menschheit, für die jede Fremde Heimat und jede Heimat Fremde ist.

Papst Franziskus zum Tag der Migranten 2014
</marc:subfield>
   </marc:datafield>
   <marc:datafield ind1=" " ind2=" " tag="020">
      <marc:subfield code="a">9783903040021</marc:subfield>
      <marc:subfield code="9">9783903040021</marc:subfield>
   </marc:datafield>
   <marc:datafield ind1=" " ind2=" " tag="041">
      <marc:subfield code="a">ger</marc:subfield>
   </marc:datafield>
   <marc:datafield ind1=" " ind2=" " tag="300">
      <marc:subfield code="a">224 S.</marc:subfield>
   </marc:datafield>
</marc:record>
